[Event "Lost Boys 5th"]
[Site "Antwerp"]
[Date "1997.??.??"]
[Round "4"]
[White "Kortschnoj, Viktor Lvovich"]
[Black "Topalov, Veselin"]
[Result "0-1"]
[WhiteElo "2610"]
[BlackElo "2745"]
[Annotator "Stohl,I"]
[PlyCount "94"]
[EventDate "1997.08.01"]
[EventType "tourn"]
[EventRounds "7"]
[EventCountry "BEL"]
[EventCategory "15"]
[SourceTitle "CBM 061"]
[Source "ChessBase"]
[SourceDate "1997.11.23"]
[SourceVersion "1"]
[SourceVersionDate "1997.11.23"]
[SourceQuality "1"]

{This game was crucial for the outcome of the short tournament as both players
started well and the winner would get a clear lead.} 1. d4 {Epishin} Nf6 2. c4
c5 3. d5 b5 4. Nf3 g6 5. cxb5 a6 6. Qc2 $5 {A rather rare move, occasionally
used by Korchnoi and I.Sokolov.} Bg7 ({Interesting is} 6... Nxd5 $5 7. Qxc5 Bb7
8. e4 Nf6 9. Nc3 Bg7 10. Qe3 O-O 11. Bd2 d5 12. exd5 Nxd5 13. Nxd5 Qxd5 14.
bxa6 Nxa6 15. Bc3 Bxc3+ 16. bxc3 Nc5 17. Be2 Ne4 18. O-O Rxa2 19. c4 $11 {
1/2,Schmidt,W-Plachetka,J/Trnava A/1986/}) (6... d6 $143 7. e4 Bg7 8. a4 O-O 9.
Na3 e6 10. dxe6 fxe6 11. Bd3 axb5 12. axb5 Nbd7 13. O-O Nh5 14. Bg5 Bf6 15. Bh6
Bg7 16. Bxg7 Kxg7 17. Qc3+ e5 18. Nc4 Rxa1 19. Rxa1 Nf4 20. Nxd6 Nh3+ 21. gxh3
Rxf3 22. Kg2 Qf8 23. Rf1 Qf4 24. Qc1 {1-0,Gutman,L-Hertneck,G/Kirchheim act/
1990/}) (6... axb5 7. Qxc5 Bg7 8. Nc3 Na6 9. Qxb5 Rb8 10. Qa4 O-O 11. e4 Nc5
12. Qa7 Rb6 13. Be3 d6 14. Bxc5 dxc5 15. Bc4 Rxb2 16. O-O Bg4 (16... Ne8 17.
Rac1 Bg4 18. Qxc5 Bxf3 19. gxf3 Qb8 20. d6 Nxd6 21. Bb3 Bh6 22. Nd5 Qd8 23. Qc3
Bg7 24. Qc7 e6 25. Ne7+ Kh8 26. Qxd8 Rxd8 $16 {Najer,E-Lempert,I/Moscow
Alekhine mem op/1996/}) 17. Ne5 Qd6 18. Nd3 Nd7 19. Nxb2 Bxc3 20. Rab1 Qf4 21.
Qa3 Be5 22. g3 Qxe4 23. Qe3 Qf5 24. Nd3 Bd4 25. Qf4 $14 {Anapolsky,S-Moraru,M/
ROM-chT/1994/}) (6... Qb6 7. e4 axb5 8. Nc3 b4 9. Na4 Qa5 10. Qxc5 Bb7 11. Qb6
$1 b3+ 12. Qxa5 Rxa5 13. Nc3 Na6 14. Bc4 Nb4 15. Bxb3 Nd3+ 16. Kf1 Ba6 17. Kg1
Bg7 18. Be3 Bc8 19. Bb6 Ra8 20. Bd4 O-O 21. Ne1 $16 {Bagirov,V-Alburt,L/
URS-ch45 Leningrad/1977/}) 7. e4 ({Taking the second pawn gives Black a large
lead in development and is quite risky.} 7. Qxc5 O-O (7... d6 $5 8. Qd4 O-O 9.
e4 Nbd7 10. Nc3 Nc5 11. Qb4 axb5 12. Bxb5 Nfxe4 13. Nxe4 Ra4 14. Qxa4 Nxa4 15.
O-O Qa5 16. Bc6 Bf5 17. Ng3 Bd3 18. Re1 Nxb2 19. Bg5 Nc4 20. Rad1 $44 {Sadler,
M-Mestrovic,Z/Cannes op/1995/}) 8. Nc3 d6 9. Qc4 axb5 10. Nxb5 Nbd7 11. e3 Bb7
12. Qc2 Nxd5 13. Bd2 Qb6 14. Be2 Rfc8 15. Qb1 Nc5 16. O-O Ba6 17. a4 Nxa4 18.
Qd3 Nc7 19. Rxa4 Bxb5 20. Rxa8 Rxa8 21. Qb3 Qa6 22. Bxb5 Qxb5 23. Qc2 $11 {
1/2,Sokolov,I-Khalifman,A/Wijk op/1995/}) 7... axb5 ({More consistent is} 7...
O-O $5 8. Nc3 Bb7 (8... e6 $6 9. dxe6 fxe6 10. e5 Nh5 11. Be3 $1 $16 (11. Qe4
$6 Ra7 12. Be3 Bb7 13. Qc4 Bxf3 14. gxf3 axb5 15. Qxc5 Rc7 16. Qxb5 Nc6 17. Bb6
Nxe5 18. Be2 Nxf3+ 19. Bxf3 Rxf3 20. Bxc7 Qxc7 $40 {Kortschnoj,V-Greenfeld,A/
Beersheba m/1995/})) (8... d6 9. a4 e6 $132) (8... axb5 9. Bxb5 $14) 9. a4 (9.
Bf4 d6 10. Bc4 axb5 11. Nxb5 Nbd7 12. O-O Nb6 13. Be2 Nxe4 $1 14. Qxe4 Ra4 15.
Nfd4 Bxd4 16. Nxd4 Rxd4 17. Qf3 Nxd5 18. Bh6 Qa8 19. Qg3 Re8 20. b3 Ba6 $17 {
Psakhis,L-Arbakov,V/Irkutsk URS-ch qf/1983/}) 9... e6 10. d6 axb5 11. Bxb5 Nc6
12. Bxc6 Bxc6 13. O-O Qb8 14. Be3 Qb4 15. Ne5 Bxe4 16. Nxe4 Nxe4 17. Nxd7 Rfd8
18. Nxc5 Nxd6 19. Nd3 Qe4 20. Rfd1 Nc4 21. Qe2 Nxe3 22. Qxe3 Rxa4 23. Qxe4 Rxe4
24. Kf1 Red4 $15 {Bagirov,V-Glek,I/Tashkent 1L/1984/}) 8. Bxb5 Qa5+ $6 {
Black stubbornly avoids the logical d6 advance and gets into trouble.} (8...
O-O $142 9. O-O d6 10. Nc3 Ba6 11. a4 Nbd7 12. h3 Ne8 13. Bd2 Nc7 14. Bxa6 Rxa6
$14 {1/2,Bagirov,V-Grigorian,K/Erevan/1982/}) 9. Nc3 Ba6 (9... Nxe4 $2 {Epishin
} 10. Qxe4 Bxc3+ 11. bxc3 Qxb5 (11... Qxc3+ 12. Kd1 Qxa1 13. d6 $18) 12. c4 $16
) 10. Bxa6 Nxa6 (10... Qxa6 11. e5 Ng4 12. Bf4 $16 {[%csl Gd5,Ge5] [+]()}) 11.
O-O (11. e5 $2 Nb4 {[%cal Rf6d5] /\Nfd5}) 11... Nb4 12. Qe2 O-O (12... d6 13.
e5 $1 $40 {[%csl Re8] @,עe8}) 13. Be3 (13. Bg5 $142 $5 d6 (13... h6 14. Bxf6
Bxf6 15. e5 $16) 14. a3 Na6 15. e5 $36) (13. Rd1 $5 {Epishin} d6 (13... Qa6 14.
Qxa6 Rxa6 15. Bg5 $16) 14. e5 dxe5 15. Nxe5 Qc7 16. Nc4 Rfd8 17. Ne3 Qb7 18.
Qc4 Nd7 19. Bd2 Ne5 20. Qb3 $14) 13... Ng4 14. Bg5 f6 $5 {This ugly move is
necessary to prevent the e5 advance. With his Bg7 hemmed in Black's
compensation is nebulous.} 15. Bd2 Qa6 {Otherwise White has attacking chances.}
16. Qxa6 Rxa6 17. h3 Nh6 18. Rfd1 Nf7 19. Ne1 Raa8 20. Be3 Rfc8 {Black keeps
the d6-square free for his N.} (20... d6 21. a3 Na6 22. Nd3 $16) 21. a3 Na6 22.
Na4 $6 {[%csl Ra4] A step in the wrong direction. The N is misplaced here and
Black will gradually gain full compensation.} (22. f4 $5 {[%cal Rf4f5] /\f5,
ץg7} Nd6 23. Nd3 $16) 22... Rab8 23. Rac1 d6 24. Nd3 Rb3 (24... f5 $5 $14) 25.
Rc3 Rbb8 26. Rc4 Rb3 27. Nc1 (27. Rc3 Rbb8 $11) (27. g4 $5 $14) 27... Rbb8 28.
f4 f5 $1 $132 29. exf5 gxf5 {[%csl Ra4,Rb2,Rd5] Now Black has good
compensation for his pawn, as White's pawns are weakened and his pieces lack
coordination.} 30. Rd2 h5 $1 {Stops g4.} 31. Bf2 Nh6 (31... Bf6 $142 $5 $44) (
31... Bf6 {Epishin} 32. Ne2 Kg7 $11) 32. Ne2 (32. Bh4 Kf7 33. Ne2 {-32.Ne2})
32... Kf7 33. Bh4 (33. Ng3 Kg6 34. Re2 Bf6 $13) 33... Bf6 (33... Ng8 {Epishin}
34. Bg5 Nf6 35. Ng3 Kg6 36. Nc3 Nc7 $13) 34. Bg5 $1 (34. Bxf6 {Epishin} Kxf6
35. Kh2 h4 36. Ng1 Kg6 37. Nf3 Kh5 $16) 34... Ng8 (34... Bxg5 $2 35. fxg5 Ng8
36. Nf4 $16 {[%csl Rg8] פg8}) 35. Kh2 (35. Ng3 Kg6 36. h4 Rb3 $44) (35. Nac3
$142 $5 $14 {White should try to get his unlucky N into play.}) 35... Nc7 36.
Ng1 Rb3 37. Nf3 Rcb8 38. Nh4 $2 (38. Rcc2 $142 $8 Na8 $5 (38... Ra8 39. Bxf6 (
39. Rc4 Rab8 $11) 39... Nxf6 40. Nc3 $14) 39. Nh4 Nb6 40. Nxb6 R8xb6 41. Bxf6
Kxf6 42. Re2 Rd3 $44) (38. Rcc2 $11 {Epishin}) 38... Bxb2 39. Nxf5 (39. Nxb2
Rxb2 40. Rxb2 Rxb2 41. Nxf5 Nxd5 $17 {[%csl Gc5,Gd6,Ge7] [+],o^c,d}) 39... Bf6
$17 {Now the Na4 is trapped.} 40. Ng3 (40. Bxf6 $142 Nxf6 41. Nc3 Rxa3 $17)
40... Nb5 41. Nxh5 Bd4 (41... Nxa3 42. Re4 Bd4 {[%cal Rb8b4] /\R8b4-+}) 42. Ng3
Nxa3 43. Rcxd4 (43. Rc1 Be3 $19 (43... R8b4 $19)) 43... cxd4 44. Rxd4 Nc2 45.
Rd2 Ne3 $19 {[%cal Rb3a3] /\Ra3-+} 46. f5 Nf6 {[%csl Rd5] ><d5} 47. Bxf6 Kxf6 (
47... Kxf6 48. Re2 (48. Nc3 Rxc3 $1 49. Ne4+ Kxf5 50. Nxc3 Nf1+ $19) 48... Nxd5
49. Re6+ Kf7 $19) 0-1

[Event "Lost Boys 5th"]
[Site "Antwerp"]
[Date "1997.??.??"]
[Round "7"]
[White "Van Wely, Loek"]
[Black "Topalov, Veselin"]
[Result "0-1"]
[WhiteElo "2655"]
[BlackElo "2745"]
[Annotator "Stohl,I"]
[PlyCount "70"]
[EventDate "1997.08.01"]
[EventType "tourn"]
[EventRounds "7"]
[EventCountry "BEL"]
[EventCategory "15"]
[SourceTitle "CBM 061"]
[Source "ChessBase"]
[SourceDate "1997.11.23"]
[SourceVersion "1"]
[SourceVersionDate "1997.11.23"]
[SourceQuality "1"]

1. d4 Nf6 2. c4 e6 3. Nf3 c5 {Topalov is the only one of the world elite who
employs this sharp opening.} 4. d5 d6 {A refined move order, championed by the
great Benoni devotee Mihai Suba. The point is after} (4... exd5 5. cxd5 d6 {
White can, amongst others, continue} 6. e4 $5 g6 7. Bd3 {[%csl Gc4][%cal Yb1d2,
Yb1a3] and the Nb1 can be also developed via a3 or d2, thus controlling the
important c4 square. Thus 4...d6 limits White's options.}) 5. Nc3 exd5 6. cxd5
g6 7. e4 {Currently White's most popular weapon against the Benoni is the
setup with Bd3,h3, and subsequent play in the center.} ({If White tries to
reach his goal by a different move order} 7. h3 {he must be prepared also for}
a6 (7... Bg7 8. e4 {-A70}) 8. a4 Qe7 $5 {Here White's attempts to gain an
advantage have not been too successful lately:} 9. Bg5 h6 10. Bh4 Nbd7 (10...
Bg7 11. e3 Bf5 $5 12. Bd3 Bxd3 13. Qxd3 O-O 14. O-O Nbd7 15. e4 Rfe8 16. Rfe1
g5 17. Bg3 Nh5 18. Bh2 Ne5 19. Nxe5 Bxe5 20. Qf3 Bxh2+ 21. Kxh2 Qe5+ 22. g3 Nf6
23. Qe3 Qd4 24. Rad1 Qxe3 25. Rxe3 Rab8 26. Rde1 b5 27. axb5 axb5 28. e5 $11 {
Komarov,D-Yudasin,L/St.Petersburg/1997/}) 11. e3 Bg7 12. Nd2 O-O 13. Bd3 Rb8
14. O-O g5 15. Bg3 Ne8 16. Qc2 Ne5 17. Bh7+ Kh8 18. Bf5 Bxf5 19. Qxf5 b5 20.
axb5 axb5 21. Ra5 Nc4 22. Nxc4 bxc4 23. Ra2 Kg8 24. Rc1 Rb4 $132 {Cramling,
P-Suba,M/ESP-chT/1994/}) 7... a6 {Last year Topalov managed to take some sting
out of the aforementioned line:} (7... Bg7 8. h3 O-O 9. Bd3 b5 $1 10. Bxb5 Nxe4
11. Nxe4 Qa5+ 12. Nfd2 Qxb5 13. Nxd6 Qa6 14. N2c4 Nd7 15. O-O Nb6 16. Nxb6 Qxb6
17. Nxc8 Raxc8 18. Rb1 Rfd8 19. Bf4 Qb7 $1 {This new move neutralizes the
passed pawn for good.} 20. d6 Bf8 21. Qd2 Bxd6 $1 22. Bxd6 Rc6 23. Rfd1 Qa6 24.
Qg5 Rdxd6 25. Rxd6 Rxd6 26. Qxc5 Qxa2 $11 {Kaprov,An-Topalov,V/Las Palmas/1996/
Now, however, hte Bulgarian grandmaster plays a more ambitious move, which is
new in his Black repertoire.}) 8. a4 {This prophylaxis is usually played
automatically, but it certainly is not the only move.} ({Another move deserves
more attention:} 8. Bf4 b5 9. Qe2 $5 Be7 10. Qc2 O-O 11. a4 b4 12. Nb1 Re8 13.
Bd3 Bf8 14. O-O b3 (14... a5 15. Nbd2 Nbd7 16. h3 Nb6 17. Rfe1 Nfd7 18. Bb5 Ba6
19. Bc6 Ra7 20. e5 dxe5 21. Nxe5 Nxe5 22. Bxe5 Ree7 23. Rad1 $16 {Yakovich,
Y-Filippov,V/Jekaterinburg/1997/}) 15. Qxb3 Nxe4 16. Nc3 Nf6 17. a5 Nbd7 18.
Qc2 Nh5 19. Bg5 Be7 20. Bd2 Bf6 21. Ne4 Be7 22. Rfe1 Nhf6 23. Nc3 Bf8 24. Rxe8
Qxe8 25. h3 Rb8 26. Bc4 Ne5 27. Nxe5 Qxe5 28. Re1 Qd4 29. b3 Bb7 30. Be3 Qh4
31. Qd3 Ra8 32. Bd2 $16 {Yakovich,Y-Totsky,L/St.Petersburg op/1994/}) ({
Rather tame seems to be} 8. h3 b5 9. Bd3 Bg7 10. O-O c4 $5 11. Bc2 O-O 12. Bf4
Re8 13. Re1 Bb7 14. a3 Qb6 15. Be3 Qc7 16. Nd4 Nbd7 17. Qd2 Nc5 18. f3 Re7 19.
Re2 Nfd7 20. Nd1 Nb6 $13 {Malaniuk,V-Emms,J/Hastings/1996/}) 8... Bg4 ({
Black has a good reason to avoid the lines after} 8... Bg7 9. h3 O-O 10. Bd3)
9. Qb3 {The most ambitious, but also extremely risky} (9. Be2 Bxf3 10. Bxf3
Nbd7 11. O-O Bg7 12. Bf4 Qe7 {doesn't give White big chances to gain an
advantage.}) ({The same applies to} 9. h3 Bxf3 10. Qxf3 Nbd7 11. Be2 Bg7 12.
O-O O-O 13. Bf4 Qe7 14. Rfe1 Rae8 15. Bf1 Nh5 {1/2,Topalov,V-Franco,Z/Elgoibar/
1991/}) 9... Bxf3 ({After} 9... Qc7 $6 10. Nd2 {the B-sortie just looses sense.
}) 10. Qxb7 (10. gxf3 $143 Qc7 $132 {[%csl Re4,Rf2,Rf3] ה,f2,f3}) 10... Nbd7
$5 {An enterprising sacrifice of 1-2 pawns.} ({Also possible is} 10... Bxg2 11.
Bxg2 Nbd7 12. O-O (12. Qc6 Be7 13. e5 Rc8 14. exf6 Rxc6 15. fxe7 Qxe7+ 16. Kd1
Rb6 17. Re1 Ne5 18. f4 O-O 19. fxe5 dxe5 20. Kc2 f5 21. Rb1 Rb4 22. Be3 Rfb8
23. Bf1 Qb7 24. Bxc5 Rxb2+ 25. Kd3 Rc8 {0-1,Olafsson,H-De Firmian,N/Reykjavik
op/1994/}) 12... Qb8 $5 (12... Be7 $5 $11) (12... Bg7 $5 13. Bf4 $36) 13. Qc6
Bg7 14. Bf4 Ke7 15. e5 dxe5 16. Rfe1 Rd8 17. d6+ Qxd6 18. Qxd6+ Kxd6 19. Rad1+
Ke6 20. Bg5 h6 $5 $13 {Komarov,D-Foisor,O/Lyon op/1995/}) (10... Nxe4 $2 11.
gxf3 Nxc3 12. Qxa8 Bg7 13. Ra3 O-O 14. bxc3 Re8+ 15. Kd1 Qf6 16. Be2 {1-0,Van
Wely,L-Guseinov,A/EU-chTM/1997/}) 11. gxf3 Bg7 12. Bf4 $5 $146 (12. Qb3 $143
O-O 13. Be2 Nh5 14. h4 Be5 15. Bg5 Qa5 16. Bd2 Bf4 17. Qc2 Qd8 18. Nd1 Ne5 19.
Ne3 Qf6 20. Rh3 Bh6 21. Ng4 Bxd2+ 22. Qxd2 Qg7 23. Ne3 Rfb8 24. Nd1 Rb3 25. Rc1
Qf6 $44 {[%csl Rb4,Rd4,Re5,Rf4] Kurz,E-Emms,J/OLBaden/1992/ Black has
fantastic black-square play for the pawn.}) (12. Qc6 O-O $1 (12... Qb8 13. Bxa6
O-O 14. Qb7 Ne5 15. Qxb8 Nxf3+ 16. Kf1 Rfxb8 17. Be2 Nd4 18. Bd1 Nd7 19. h4 c4
20. Ra2 Nc5 21. Bf4 Ra6 22. h5 Nd3 $40 {Douven,R-Psakhis,L/Groningen op/1993/})
13. Qxd6 Nh5 14. Bh3 (14. f4 Re8 15. Bg2 Ra7 16. a5 Qh4 17. Na4 Rc8 18. Nb6 Bf8
19. Nxc8 Bxd6 20. Nxa7 Nxf4 21. Bxf4 Qxf4 22. Nc6 Nf6 23. Rd1 Nxe4 24. Rf1 Nf6
25. h3 Qh2 26. Bf3 Qxh3 27. Be2 Qb3 $19 {->,Gavrikov,V-Lutikov,A/Minsk
Sokolsky mem/1981/}) 14... f5 $1 {[%cal Rf8f6] /\Rf6|^}) (12. Bxa6 Rb8 13. Qa7
{gives Black good compensation with a draw whenever he wants.} (13. Qc6 $6 O-O
{[%csl Rc6,Re1][%cal Rb8b6,Rd7e5] /\Ne5,Rb6,ע,Q})) 12... Rb8 $8 13. Qxa6 Nh5 (
13... Rxb2 $5 14. Nb5 (14. Qxd6 $2 Nh5 $40) 14... O-O 15. Bxd6 (15. Bc1 Rb3 $36
) 15... Nh5 $1 $40 {@}) (13... Rb6 $143 14. Qe2 Nh5 15. Bc1 $5 {[%csl Ga4,Rb6]
[%cal Ga4a5] and the misplaced Rb6 just gives White a tempo to advance his
passed pawn.}) 14. Bc1 (14. Bxd6 $2 Rb6 $19) (14. Qxd6 $2 Nxf4 15. Qxf4 Rxb2
$40) 14... O-O 15. Be2 (15. Qxd6 $4 Rb6) ({White must allow the blockade of
his doubled pawn, as} 15. f4 $6 Re8 {[%csl Re4,Rf4] ה is too dangerous.})
15... Be5 $44 {[%cal Rd8h4]} 16. h4 {White has to prevent Qh4} Nf4 (16... Qf6
$5 17. Bg5 Qg7 (17... Bxc3+ $2 18. Kf1 $1 $16) 18. Nb5 $5) (16... f5 $5 $36)
17. Bb5 f5 (17... Ra8 $143 18. Qb7 Nb6 19. a5 $14 {[%cal Ra1a3] /\Ra3}) (17...
c4 18. Bxd7 Qxd7 19. Qxc4 Rfc8 20. Qa6 $5 $14) 18. Bxf4 Bxf4 19. Bxd7 Qxd7 20.
Qe2 Be5 {White managed to exchange a lot of pieces, but Black still has
compensation.} (20... Rbe8 $143 21. Kf1 fxe4 22. Nxe4 $5 {[%cal Rf1g2] /\Kg2,
escaping to relative safety.}) (20... Rb4 $5 $44 {[%cal Gb8b1] <->b}) 21. Nb5
Kh8 $5 (21... fxe4 22. fxe4 Rf4 23. f3 Rbf8 24. Ra3 Qg7 25. Rh2 $14 {[%csl Ga4]
is not too promising, the a-pawn can become dangerous.}) 22. O-O-O $6 (22. Kf1
$2 fxe4 23. fxe4 Rf4 24. f3 Rbf8 25. Ra3 Qg4 $19) ({More flexible was} 22. Ra3
$5 {White will decide about his K later on, Black is pressed to show his
compensation.}) 22... fxe4 23. fxe4 Qd8 $1 (23... Ra8 24. Qc2 Rfb8 $44) 24. Rd3
(24. b3 Qa5 25. Rh3 (25. Qc2 Rxb5 26. axb5 Qa3+) 25... c4 $1 $40) (24. Qe1 $143
Rf3 $40) 24... Qa5 25. Ra3 (25. Qc2 $2 Rxb5 26. axb5 Qa1+ 27. Qb1 Bxb2+ 28. Kc2
Rxf2+ 29. Rd2 Qa4+ $19) 25... Qb4 $36 26. f3 (26. Rhh3 c4 $36 (26... Bxb2+ $4
27. Qxb2+ $18)) (26. Kb1 $2 Rxf2 27. Qxf2 Qxe4+ $19) 26... c4 27. Qc2 Rfc8 $6 (
{More logical was} 27... Rf4 $142 $1 28. Kb1 (28. h5 g5) 28... c3 $1 29. Qb3
Qc5 $17 (29... Rxe4 $5)) 28. Rf1 Rf8 {Cierny nezúfa a uznáva svoju chybu.
Napriek strate casu pozícia ostáva plná napätia.} 29. Kb1 Ra8 $2 (29... Rf4 $44
) 30. Rc1 $6 $138 {Hratelny tah, ale pri nedostatku casu mal biely vyuzít
moznost uvolnit sa a vymenit dámy po} (30. f4 $142 $5 Rxf4 (30... Bxf4 31. Qc3+
Qxc3 32. Rxc3 Rxa4 $2 33. Rcf3 Rb8 34. Nc3 Ra3 35. Kc2 $1 $18) 31. Rxf4 Bxf4
32. Qc3+ Qxc3 33. bxc3 $14) 30... Rf4 31. Qe2 Rc8 {[%cal Rf4h4,Rh4h2] /\Rh4-h2}
(31... Rxa4 $2 32. Rxa4 Qxa4 33. Rxc4 $1 $16) 32. Na7 (32. Ra2 $2 Rxh4 33. Na7
Rh2 34. Qxh2 Bxh2 35. Nxc8 Bf4 36. Rc3 (36. Rh1 Qb7 $19) 36... Be5 $19 {
[%cal Rc4c3] /\c3}) (32. Qf2 Rxh4 $1 33. Nxd6 Rf8 $1 34. Rxc4 Rh1+ {[%cal
Rb4d6] /\Qd6-+}) (32. Rc2 Rxh4 33. Na7 Rh1+ 34. Ka2 Rb8 35. Nb5 (35. Nc6 $2
Qxa3+ $1 $19) 35... Rh2 36. Qxh2 Bxh2 37. Rxh2 $13) 32... c3 33. Qb5 $2 $138 {
A tactical blunder.} (33. Ra2 Rc5 $1 34. Nc6 cxb2 35. Rxc5 Qxc5 36. Rxb2 (36.
Qd1 Bc3 37. a5 Rxf3 38. a6 Rd3 $1 $40) 36... Bxb2 37. Qxb2+ Kg8 38. Nd4 Rxh4
$17) (33. Nxc8 $142 $1 cxb2 34. Rcc3 Bxc3 35. Rxc3 Qxc3 36. Qxb2 Rxf3 37. Nxd6
$14 {and White certainly doesn't risk losing this endgame.}) 33... c2+ $1 34.
Ka2 (34. Rxc2 Qe1+ $19) 34... Qd2 35. Qf1 Qd4 (35... Qd4 36. Qb5 Qxa7 {gives
Black an extra piece with an ongoing attack.}) 0-1

[Event "Olympiad-33"]
[Site "Elista"]
[Date "1998.10.02"]
[Round "4.1"]
[White "Krasenkow, Michal"]
[Black "Topalov, Veselin"]
[Result "0-1"]
[WhiteElo "2655"]
[BlackElo "2700"]
[PlyCount "106"]
[EventDate "1998.09.29"]
[EventType "team-swiss"]
[EventRounds "13"]
[EventCountry "RUS"]
[SourceTitle "CBM 068"]
[Source "ChessBase"]
[SourceDate "1999.02.01"]
[SourceVersion "1"]
[SourceVersionDate "1999.02.01"]
[SourceQuality "1"]
[WhiteTeam "Poland"]
[BlackTeam "Bulgaria"]
[WhiteTeamCountry "POL"]
[BlackTeamCountry "BUL"]

1. Nf3 d5 2. d4 Nf6 3. c4 e6 4. Nc3 Be7 5. Bg5 h6 6. Bh4 O-O 7. e3 b6 8. Rb1
Ne4 9. Bxe7 Qxe7 10. cxd5 Nxc3 11. bxc3 exd5 12. Bd3 c5 13. O-O Nc6 14. Re1 Qf6
15. dxc5 bxc5 16. e4 dxe4 17. Bxe4 Rd8 18. Qa4 Bd7 19. Qc4 Rac8 20. Qxc5 Be6
21. a4 Ne7 22. Qxa7 Nd5 23. Rbd1 Nxc3 24. Rxd8+ Rxd8 25. Bb7 g5 26. Qa5 g4 27.
Ne5 Rd2 28. Qc5 Ne2+ 29. Kh1 Nd4 30. Qc1 Qxf2 31. Rf1 Qe2 32. Re1 Rc2 33. Qd1
Qxd1 34. Rxd1 Ra2 35. Nc6 Nb3 36. a5 Nxa5 37. Nxa5 Rxa5 38. g3 Kg7 39. Rf1 h5
40. Kg2 Kg6 41. Rf2 Kg5 42. Rb2 Rc5 43. Be4 f5 44. Bb7 h4 45. Kf2 Rc3 46. Rd2
Bc4 47. Bg2 Bd3 48. Ra2 Bc4 49. Rb2 Rc1 50. Rd2 Ba6 51. Ra2 Bd3 52. Rd2 Bc4 53.
Rb2 f4 0-1

[Event "Olympiad-33"]
[Site "Elista"]
[Date "1998.10.03"]
[Round "5.1"]
[White "Topalov, Veselin"]
[Black "Peng, Xiaomin"]
[Result "1-0"]
[WhiteElo "2700"]
[BlackElo "2550"]
[Annotator "Wedberg,T"]
[PlyCount "83"]
[EventDate "1998.09.29"]
[EventType "team-swiss"]
[EventRounds "13"]
[EventCountry "RUS"]
[SourceTitle "CBM 068"]
[Source "ChessBase"]
[SourceDate "1999.02.01"]
[SourceVersion "1"]
[SourceVersionDate "1999.02.01"]
[SourceQuality "1"]
[WhiteTeam "Bulgaria"]
[BlackTeam "China"]
[WhiteTeamCountry "BUL"]
[BlackTeamCountry "CHN"]

{[%mdl 4] This game is a nice model for how to conduct the white attack in the
Spanish main lines when Black has exchanged on d4. Topalov plays in the centre
at first to distract Black from attacking on the Q-side. Then at the
appropriate moment he shifts to a K-side operation.} 1. e4 e5 2. Nf3 Nc6 3. Bb5
a6 4. Ba4 Nf6 5. O-O Be7 6. Re1 b5 7. Bb3 d6 8. c3 O-O 9. h3 Nd7 10. d4 Nb6 11.
Nbd2 exd4 12. cxd4 Nb4 13. Nf1 c5 14. a3 Nc6 15. Be3 (15. Ng3 c4 16. Bc2 d5 17.
e5 a5 18. Be3 b4 19. axb4 axb4 20. Rxa8 Nxa8 21. Nh2 b3 22. Bb1 Nc7 23. Qh5 g6
24. Qh6 Re8 25. Ng4 Bxg4 26. hxg4 Bf8 27. Qh3 Ne6 $17 {0-1 Svidler,P-Adams,M/
Groningen 1997/CBM 63 (36)}) (15. d5 Ne5 16. Nxe5 dxe5 17. Be3 Bd6 18. Qd2 Bd7
19. Rec1 Qe7 20. Qa5 Rfb8 21. Nd2 Be8 22. Bd1 Nd7 $13 {0-1 Shirov,A-Piket,J/
Linares 1997/CBM 57 (40)}) (15. Bc2 Nxd4 16. Nxd4 cxd4 17. b3 Be6 18. Bb2 Bf6
19. Bxd4 Be5 20. Nh2 Bxd4 21. Qxd4 Qc7 22. Re2 Qc5 $11 {0-1 Bologan,
V-Zagrebelny,S/Kstovo 1998/EXT 99 (31)}) (15. Bf4 Nxd4 16. Nxd4 cxd4 17. Qxd4
Be6 18. Bxe6 fxe6 19. Bg3 Nc4 $15 {0-1 Bologan,V-Piket,J/Germany 1997/GER-chT 
(44)}) 15... c4 (15... Na5 16. Bc2 Nbc4 17. Bc1 cxd4 18. Nxd4 Bf6 19. Rb1 d5
20. exd5 Bb7 21. Nf5 Qxd5 22. Qxd5 Bxd5 23. b3 Nb6 24. Be3 Rab8 25. N1g3 Be6
26. Ne4 $14 {1-0 Karpov,A-Ivkov,B/Bugojno 1980/MCD (58)}) (15... a5 16. Rc1 c4
17. Bc2 d5 18. Ne5 Bb7 19. Nxc6 Bxc6 20. e5 Na4 21. Rb1 Ra6 22. Ng3 g6 23. Bh6
Re8 24. e6 $40 {1-0 Topalov,V-Piket,J/Monte Carlo 1997/CBM 57 ext (37)}) 16.
Bc2 d5 17. Ne5 $1 {[%mdl 4] Topalov keeps the central tension while building
up against the black K. This way Blacks Q-side play is at least postponed. See
the game 0-1 Svidler,P-Adams,M/Groningen 1997/CBM 63 (36) for an example of
how Black can play when White closes too early with e5.} (17. e5 a5 $132) 17...
Qc7 18. Ng3 g6 19. Qf3 Be6 20. Nxc6 Qxc6 21. Bh6 Rfe8 22. e5 {[%mdl 4] Now the
time is ripe for a pure attack on the black K.} a5 23. Nh5 $1 {This sacrifice
is the key to opening up the black box.} Nd7 (23... gxh5 24. Qg3+ (24. Qxh5 f5
25. Re3 Kh8 26. Bg7+ Kxg7 27. Rg3+ Kh8 28. Qh6 Rg8 29. Bxf5 $18) 24... Bg4 25.
e6 $40) 24. Qg3 b4 25. Ng7 Bf8 $2 (25... Rec8 26. Nf5 (26. Nxe6 Qxe6 27. f4 c3
28. b3 Qb6 29. Rad1 bxa3 $132) 26... Bxf5 27. Bxf5 $16) 26. Nxe8 Bxh6 27. Nd6
b3 28. Bf5 $18 Nb6 29. f4 Bxf5 30. Nxf5 Bf8 31. Nh4 Na4 32. f5 $40 (32. Rab1
$18) 32... Nxb2 33. e6 Nd3 (33... Bg7 $5) 34. exf7+ Kxf7 35. Re6 b2 36. Rf1 Qb7
37. Nxg6 $1 Bg7 38. Qe3 Bf6 39. Rxf6+ Kxf6 40. Qe6+ Kg7 41. f6+ Kh6 (41... Kxg6
42. f7+ Kg7 43. Qf6+ Kf8 44. Qd6+ Kg7 45. f8=Q+ Rxf8 46. Qxf8+ Kg6 47. Qf6+ Kh5
48. g4#) 42. Ne7 1-0